| 000 | 00638nam a22002177a 4500 | ||
|---|---|---|---|
| 999 |
_c4900 _d4900 |
||
| 001 | 4384 | ||
| 003 | BD-DhUAP | ||
| 005 | 20201124110334.0 | ||
| 008 | 201124s1999 ii a|||| |||| 001 0 eng d | ||
| 020 | _a0471192791 | ||
| 040 |
_aBD-DhUAP _bEng _cBD-DhUAP _dBD-DhUAP |
||
| 082 |
_223 _a571.6 KAR |
||
| 100 | _aKarp, Gerald. | ||
| 245 |
_aCell and molecular biology : _bconcepts and experiments / _cGerald Karp. |
||
| 250 | _a2nd ed. | ||
| 260 |
_aNew York : _bJohn wiley & sons, _cc1999. |
||
| 300 |
_axix, 816 pages : _billustrations ; _c28 cm. |
||
| 500 | _aIncludes index. | ||
| 650 |
_aMolecular biology _vCytology. |
||
| 942 |
_2ddc _cBK |
||